000 00839cam a2200241 i 4500
001 191503
003 SpMaBN
005 20250727150807.0
008 220926m19671973be 0011 fre d
016 7 _abimoBNE19931090291
_zBIB92000004841 [
_2SpMaBN]
035 _a(OCoLC)433877334
040 _aSpMaBN
_bspa
_cSpMaBN
_erdc
080 _a025.45 CDU
245 0 0 _aClassification Décimale Universelle.
250 _aEd. moyenne internationale.
260 _aBruxelles :
_bMundaneum,
_c1967-1973.
300 _a2 v. ;
_c30 cm.
505 0 _aComprende : T. 1. Tables systématiques, 1967 ­ T. 2. Tables alphabétiques, 1973
650 7 _aClasificación decimal universal
_2embne
_9164660
852 _aES-MaACL
_jA-15122
_9 198724
_bR.573.049
_cDEPO1
_dOlim: 025.45 CDU (1973)
942 _2udc
999 _c191503
_d191503